Guess the State - Slang - Statistics

General Stats
  • This quiz has been taken 1,409 times
  • The average score is 4 of 15
Answer Stats
Question Answer % Correct
Stingray Shuffle Florida
52%
Quit being ugly Georgia
38%
Shark bait Hawaii
38%
Naptown Indiana
38%
Bagging Up Delaware
33%
Cripes Wisconsin
33%
Gaper Colorado
29%
Peck West Virginia
29%
Fixin Mississippi
24%
Long Hauled Nevada
19%
Buggy Oklahoma
14%
Flatlander Vermont
14%
Hood Oregon
10%
Chizhii Arizona
5%
Cowboy up Montana
0%
No matching quizzes found
Score Distribution
Percent of People with Each Score
Percentile by Number Answered
Your Score History
You have not taken this quiz